Statistics for Heaviest birds

Click here to take the quiz!

General Stats

  • This quiz has been taken 22 times
  • The average score is 5 of 20

Answer Stats

AnswerFamilyWeight (pounds)Can it fly?% Correct
Common ostrichStruthionidae230No
94%
EmuCasuariidae73No
94%
TurkeyPhasianidae30Yes
44%
Emperor penguinSpheniscidae69No
33%
Mute swanAnatidae26Yes
22%
Northern cassowaryCasuariidae97No
22%
Southern cassowaryCasuariidae99No
22%
Andean condorCathartidae25Yes
17%
King penguinSpheniscidae30No
17%
Somali ostrichStruthionidae200No
17%
Trumpeter swanAnatidae28Yes
17%
Wandering albatrossDiomedeidae26Yes
17%
Dalmatian pelicanPelecanidae25Yes
11%
Dwarf cassowaryCasuariidae43No
11%
Great bustardOtididae23Yes
11%
Greater rheaRheidae51No
11%
Kori bustardOtididae25Yes
11%
Lesser rheaRheidae43No
11%
Philippine eagleAccipitridae17Yes
11%
Whooper swanAnatidae21Yes
11%

Score Distribution

Percentile by Number Answered

Percent of People with Each Score

Your Score History

You have not taken this quiz